COMPARATIVE CONSTITUTIONAL LAW (Record no. 23005)
[ view plain ]
| 000 -LEADER | |
|---|---|
| fixed length control field | 00322nam a22001457a 4500 |
| 003 - CONTROL NUMBER IDENTIFIER | |
| control field | SGT |
| 020 ## - INTERNATIONAL STANDARD BOOK NUMBER | |
| International Standard Book Number | 9789351431428 |
| 082 ## - DEWEY DECIMAL CLASSIFICATION NUMBER | |
| Classification number | 342 |
| Item number | BAS |
| 100 ## - MAIN ENTRY--PERSONAL NAME | |
| Personal name | BASU , DURGA DAS |
| 245 ## - TITLE STATEMENT | |
| Title | COMPARATIVE CONSTITUTIONAL LAW |
| 250 ## - EDITION STATEMENT | |
| Edition statement | 3 |
| 260 ## - PUBLICATION, DISTRIBUTION, ETC. (IMPRINT) | |
| Place of publication, distribution, etc | GURGAON |
| Name of publisher, distributor, etc | LEXIS NEXIS |
| Year of Publication | 2022 |
| 300 ## - PAGE DESCRIPTION | |
| No. of Pages | XLIII ,459 |
| 942 ## - ADDED ENTRY ELEMENTS (KOHA) | |
| Source of classification or shelving scheme | Dewey Decimal Classification |
| Koha item type | Books |
| 942 ## - ADDED ENTRY ELEMENTS (KOHA) | |
| -- | 3 |
| Withdrawn status | Lost status | Source of classification or shelving scheme | Damaged status | Not for loan | Collection code | Home library | Current library | Shelving location | Date acquired | Vendor Name | Cost, normal purchase price | SGTU | Bill Number | Total Checkouts | Full call number | Accession No. (Barcode) | Date last seen | Bill Date | Koha item type | Date last borrowed |
|---|---|---|---|---|---|---|---|---|---|---|---|---|---|---|---|---|---|---|---|---|
| Dewey Decimal Classification | LAW | SGT Science & Social Sciences Library | SGT Science & Social Sciences Library | Text Book | 15/07/2022 | AHUJA BOOK COMPANY | 795.00 | SGTU | 14697 | 342 BAS | FL2771 | 15/07/2022 | 30/06/2022 | Books | ||||||
| Dewey Decimal Classification | LAW | SGT Science & Social Sciences Library | SGT Science & Social Sciences Library | Text Book | 15/07/2022 | AHUJA BOOK COMPANY | 795.00 | SGTU | 14697 | 2 | 342 BAS | FL2772 | 05/05/2025 | 30/06/2022 | Books | 22/04/2025 | ||||
| Dewey Decimal Classification | LAW | SGT Science & Social Sciences Library | SGT Science & Social Sciences Library | Text Book | 15/07/2022 | AHUJA BOOK COMPANY | 795.00 | SGTU | 14697 | 342 BAS | FL2773 | 15/07/2022 | 30/06/2022 | Books | ||||||
| Dewey Decimal Classification | LAW | SGT Science & Social Sciences Library | SGT Science & Social Sciences Library | Text Book | 15/07/2022 | AHUJA BOOK COMPANY | 795.00 | SGTU | 14697 | 342 BAS | FL2774 | 15/07/2022 | 30/06/2022 | Books | ||||||
| Dewey Decimal Classification | LAW | SGT Science & Social Sciences Library | SGT Science & Social Sciences Library | Text Book | 15/07/2022 | AHUJA BOOK COMPANY | 795.00 | SGTU | 14697 | 2 | 342 BAS | FL2775 | 19/10/2023 | 30/06/2022 | Books | 15/09/2023 |